000 01053nam a2200241 i 4500
001 39620
003 ES-MaACL
005 20231221150400.0
007 t|
008 030303s1858 sp ||||1| spa d
080 _a94(450.621 R.)"1527"
100 1 _aCánovas del Castillo, Antonio,
_d1828-1897
_934600
245 1 3 _aEl asalto y saco de Roma por los españoles
_b: epístola dirigida al Excmo. Señor D. Serafín Estévanez Calderón /
_cpor D. Antonio Cánovas del Castillo.
260 _aMadrid :
_b[s.n.],
_c1858 (
_fImp. de La América)
300 _a26 p., [1] h. de plano ;
_c20 cm.
530 _aDisponible en formato digital.
599 _aPlano: Roma el 6 de mayo de 1527, día del asalto y toma de la ciudad por el ejército de Carlos V.
651 4 _aRoma (Ciudad)-
_xHistoria-
_y1527 (Saco)
_9138170
651 0 _aEspaña-
_xHistoria-
_y1516-1556, Carlos I.
_98224
852 _aES-MaACL
_jT-1-F-5
856 _uhttp://hdl.handle.net/20.500.11938/81477
_zRepositorio Digital de la Biblioteca Foral de Bizkaia
999 _c39620
_d39620